000 02908namaa2200445uu 4500
001 doab122416
003 oapen
005 20260218110439.0
006 m o d
007 cr|mn|---annan
008 231117s2024 xx |||||o ||| 0|eng d
020 _a9781003334576
020 _a9781003334576
020 _a9781032369365
020 _a9781032369372
024 7 _a10.4324/9781003334576
_2doi
040 _aoapen
_coapen
_d
041 0 _aeng
042 _adc
720 1 _aHylland, Ole Marius
_4edt
245 0 0 _aDigital Transformation and Cultural Policies in Europe
260 _bTaylor & Francis
_c2024
300 _a1 online resource (233 p.)
336 _atext
_btxt
_2rdacontent
337 _acomputer
_bc
_2rdamedia
338 _aonline resource
_bcr
_2rdacarrier
490 1 _aRoutledge Research in the Creative and Cultural Industries
506 0 _fUnrestricted online access
_2star
520 _aWhat happens when cultural policy turns digital? Digital Transformation and Cultural Policies in Europe analyzes and compares different digital cultural policies of Europe. Through case studies of seven European countries (UK, Germany, Croatia, Sweden, Spain, Norway, and Switzerland) as well as the analysis of EU digital cultural policy, the book investigates what happens when cultural policy gets changed and challenged by digital culture. Based on a thorough discussion of key concepts and analytical perspectives, this collection also offers a unique multi-disciplinary contribution that shows how digital cultural policy is hyperconvergent. These policies contain established ideas of cultural policy - such as democratization, welfare, access, and national, protectionist ideas - brought together within a digital framework, while also adding new cultural policy tools and instruments, such as digital standards, international regulations, directives, etc. The book shows how digital cultural policies are works in progress, struggling to align their aspirations with their effectiveness. Overall, this book provides a valuable tool for understanding the current policy framework of digital culture. It will be of interest not only to scholars and students in cultural and creative industries but also to creative professionals and policy makers.
540 _aCreative Commons
_fhttps://creativecommons.org/licenses/by-nc-nd/4.0/
_2cc
_uhttps://creativecommons.org/licenses/by-nc-nd/4.0/
546 _aEnglish
650 7 _aBusiness & management
_2bicssc
650 7 _aCentral government policies
_2bicssc
720 1 _aHylland, Ole Marius
_4oth
720 1 _aPrimorac, Jaka
_4edt
720 1 _aPrimorac, Jaka
_4oth
793 0 _aDOAB Library.
856 _uhttps://docs.google.com/spreadsheets/d/1yKIrdCPDAG_9c22mwoOIO2DOhtj65Wqa/edit?usp=sharing&ouid=106555315294820607512&rtpof=true&sd=true
_yList of Curated E-Books
942 _cE-BOOK
999 _c81114
_d81113